00380 a2200121 4500001001000000005001700010008004100027245006000068100002000128700002300148773007000171999001700241ART_5129420260410161608.0260409a 10aManual de pronunciamientos de educación internacional1 aSimaro, Gustavo1 aTorchelli, Valeria0 tProfesional & Empresariag- Año XXI, N° 250 (jul. 2020)wREV70 c10349d10349